000
00268nam a2200109Ia 4500
008
201217s9999 xx 000 0 und d
100
_a
Reid, George H.
245
0
_a
Shiphandling With Tugs
260
_a
Centreville
_b
Cornell Maritime Press
300
_a
265
942
_c
BK
999
_c
7848
_d
7848